00854 2200337 4500001002100000005001700021008004100038035002400079082001400103090002100117100001600138245006200154260003600216300002600252500002800278650002400306850001300330980001300343985000600356986001200362999001500374999001500389999001500404999001500419990001500434990001100449990001500460990001500475990001100490990001500501YOGYA-0209000001926320090227022947.0 ind  0010-020900000019263 a621.38234 a621.38234bHar S aHARDI, Syam a150 macam gangguan cassette recorder circuitscSyam Hardi aJakartabBumi Aksarac1984-1992 a...jilidbilusc21 cm aYang diterima : jl.1, 2 aRecorder - Gangguan aYOPDYOGB a13-03-06 a4 artrevTM a93P0034914 a93P0034916 a96P0082852 a96P0082853 a82853-P/96 a1044-P a82852-P/96 a82853-P/96 a1044-P a82852-P/96